Հայրենի երկրով : (Record no. 128262)
[ view plain ]
| 000 -LEADER | |
|---|---|
| fixed length control field | 01213nam a2200241 u 4500 |
| 001 - CONTROL NUMBER | |
| control field | 000338964 |
| 003 - CONTROL NUMBER IDENTIFIER | |
| control field | AM-YeHGA |
| 005 - DATE AND TIME OF LATEST TRANSACTION | |
| control field | 20250618072121.0 |
| 008 - FIXED-LENGTH DATA ELEMENTS--GENERAL INFORMATION | |
| fixed length control field | 040531s1974 ai r 000 0 arm d |
| 040 ## - CATALOGING SOURCE | |
| Original cataloging agency | AM-YeHGA |
| 041 0# - LANGUAGE CODE | |
| Language code of text/sound track or separate title | arm |
| 090 ## - LOCALLY ASSIGNED LC-TYPE CALL NUMBER (OCLC); LOCAL CALL NUMBER (RLIN) | |
| -- | 129626 |
| 245 00 - TITLE STATEMENT | |
| Title | Հայրենի երկրով : |
| Remainder of title | [Ցուցահանդեսի կատալոգ] / |
| Statement of responsibility, etc. | Կազմ.՝ Տ. Մախմուրյան; Խմբ.՝ Գ. Խոստիկյան; Առաջաբ.՝ Պ. Մալայան; Հայաստանի Նկարիչների միություն, Հայաստանի Նկարչի տուն. |
| 260 ## - PUBLICATION, DISTRIBUTION, ETC. | |
| Place of publication, distribution, etc. | Երևան : |
| Name of publisher, distributor, etc. | Ա. հ., |
| Date of publication, distribution, etc. | 1974. |
| 300 ## - PHYSICAL DESCRIPTION | |
| Extent | 45 էջ : |
| Other physical details | նկ. ; |
| Dimensions | 20 սմ. |
| 500 ## - GENERAL NOTE | |
| General note | Ցուցահանդեսին մասնակցալ են՝ Ս. Բաղդասարյան, Ա. Հունանյան, Պ. Մալյան, Հ. Սահակյան, Վլ. Սահակյան, Վ. Սարգսյան |
| 650 14 - SUBJECT ADDED ENTRY--TOPICAL TERM | |
| Topical term or geographic name entry element | Հայ արվեստ |
| General subdivision | Նկարչություն |
| 700 1# - ADDED ENTRY--PERSONAL NAME | |
| Personal name | Խոստիկյան, Գ. |
| Relator term | խմբ. |
| Relationship | edt |
| 700 1# - ADDED ENTRY--PERSONAL NAME | |
| Personal name | Մալայան, Պետրոս Հովհաննեսի, |
| Dates associated with a name | 1927-1995 |
| Relator term | խմբ. |
| Relationship | edt |
| 9 (RLIN) | 2677 |
| 710 2# - ADDED ENTRY--CORPORATE NAME | |
| Corporate name or jurisdiction name as entry element | Հայաստանի Նկարիչների միություն |
| 710 2# - ADDED ENTRY--CORPORATE NAME | |
| Corporate name or jurisdiction name as entry element | Հայաստանի Նկարչի տուն |
| 942 00 - ADDED ENTRY ELEMENTS (KOHA) | |
| Koha issues (borrowed), all copies | 1 |
| Withdrawn status | Lost status | Damaged status | Not for loan | Collection | Home library | Current library | Date acquired | Total checkouts | Full call number | Barcode | Date last seen | Price effective from | Koha item type | Public note | Date last checked out |
|---|---|---|---|---|---|---|---|---|---|---|---|---|---|---|---|
| General | Fundamental Scientific Library | Fundamental Scientific Library | 22/12/2016 | 929:75(479.925) | 220051822 | 22/12/2016 | 22/12/2016 | Գրքեր / Books | 30 Days Loan | ||||||
| General | Fundamental Scientific Library | Fundamental Scientific Library | 22/12/2016 | 929:75(479.925) | 220052241 | 22/12/2016 | 22/12/2016 | Գրքեր / Books | 30 Days Loan | ||||||
| General | Fundamental Scientific Library | Fundamental Scientific Library | 22/12/2016 | 1 | 929:75(479.925) | 220052242 | 12/05/2025 | 22/12/2016 | Գրքեր / Books | 30 Days Loan | 12/05/2025 | ||||
| General | Fundamental Scientific Library | Fundamental Scientific Library | 22/12/2016 | 929:75(479.925) | 220052243 | 22/12/2016 | 22/12/2016 | Գրքեր / Books | 30 Days Loan | ||||||
| General | Fundamental Scientific Library | Fundamental Scientific Library | 22/12/2016 | 929:75(479.925) | 220052244 | 22/12/2016 | 22/12/2016 | Գրքեր / Books | 30 Days Loan |
ՀՀ Գիտությունների ազգային ակադեմիայի հիմնարար գիտական գրադարան = Fundamental Scientific Library of NAS RA
All site content, except where otherwise noted, is licensed under a